Further Essays in Monetary Economics
Enregistré dans:
| Auteur principal: | |
|---|---|
| Format: | Livre |
| Langue: | anglais |
| Publié: |
London
Allen and Unwin
1972
|
| Édition: | 1. ed. |
| Sujets: | |
| Tags: |
Pas de tags, Soyez le premier à ajouter un tag!
|
MARC
| LEADER | 00000nam a2200000 4500 | ||
|---|---|---|---|
| 001 | c010551 | ||
| 005 | 20221207074615.4 | ||
| 020 | |a 0-04-332048-1 | ||
| 041 | 0 | |a eng | |
| 044 | |a GB | ||
| 245 | 1 | 0 | |a Further Essays in Monetary Economics |c Harry G. Johnson |
| 250 | |a 1. ed. | ||
| 264 | 1 | |a London |b Allen and Unwin |c 1972 | |
| 300 | |a 366 s. | ||
| 610 | 2 | 0 | |a hospodárstvo peňažné |
| 610 | 2 | 0 | |a bilancia platobná |
| 610 | 2 | 0 | |a systém menový medzinárodný |
| 610 | 2 | 0 | |a Panama |
| 610 | 2 | 0 | |a kríza menová |
| 610 | 2 | 0 | |a kurz výmenný pohyblivý |
| 610 | 2 | 0 | |a hospodárstvo svetové |
| 610 | 2 | 0 | |a integrácia ekonomická medzinárodná |
| 100 | 1 | |a Johnson, Harry G. | |